000 00547nam a2200205Ia 4500
005 20250508162946.0
008 008 250505s9999 xx 000 0 hin d
037 _aTextBook
040 _aFEDL
_beng
_cFEDL
041 _ahin
_2hin
084 _a910.7, BHA
_qFEDL
100 _aBhardaj Dineshchandr
_9774513
245 0 _aBhugol shikshan
260 _aAgra, India
_bVinod Pustak Mandir
_c1995
300 _a128p
365 _aINR
_b30
650 _aGeography - Teaching
942 _cTB
_h910.7, BHA
999 _c1379630
_d1379630